[Event "Rochefort op 8th"]
[Site "Rochefort"]
[Date "2009.02.??"]
[Round "3"]
[White "Dzhumaev, Marat"]
[Black "Jutard, Emmanuel"]
[Result "1-0"]
[WhiteElo "2529"]
[BlackElo "1864"]
[PlyCount "43"]
[EventDate "2009.02.??"]
[EventType "swiss"]
[EventRounds "9"]
[EventCountry "FRA"]
[SourceTitle "EXT 2010"]
[Source "ChessBase"]
[SourceDate "2010.11.25"]
[SourceVersion "1"]
[SourceVersionDate "2010.11.25"]
[SourceQuality "1"]

1. e4 c5 2. Nf3 Nc6 3. Bb5 e6 4. 0-0 Nge7 5. b3 Nd4 6. Nxd4 cxd4 7. Bb2 Nc6 8. c3 Bc5 9. Qh5 Qb6 10. Na3 a6 11. Nc4 Qa7 12. Bxc6 bxc6 13. cxd4 Be7 14. d5 0-0 15. d6 Bd8 16. Rae1 f6 17. Re3 g6 18. Qh6 a5 19. Ne5 fxe5 20. Rh3 Rf7 21. Bxe5 Ba6 22. Qxg6+ 1-0

[Event "Avoine op 21th"]
[Site "Avoine"]
[Date "2006.07.25"]
[Round "4"]
[White "Jutard, Emmanuel"]
[Black "Vingerhoets, Luc"]
[Result "0-1"]
[WhiteElo "1886"]
[BlackElo "2124"]
[PlyCount "28"]
[EventDate "2006.07.22"]
[EventType "swiss"]
[EventRounds "9"]
[EventCountry "FRA"]
[SourceTitle "EXT 2007"]
[Source "ChessBase"]
[SourceDate "2006.11.23"]
[SourceVersion "1"]
[SourceVersionDate "2006.11.23"]
[SourceQuality "1"]

1. e4 d6 2. d4 Nf6 3. Nc3 Nbd7 4. f4 e5 5. Nf3 exd4 6. Nxd4 g6 7. Be2 Bg7 8. 0-0 0-0 9. Bf3 Nc5 10. Nde2 c6 11. Kh1 Qb6 12. Re1 Ng4 13. Bxg4 Bxg4 14. Rb1 Bxc3 0-1

[Event "Niort op 1st"]
[Site "Niort"]
[Date "2004.07.06"]
[Round "2"]
[White "Jutard, Emmanuel"]
[Black "Drenchev, Petar"]
[Result "0-1"]
[WhiteElo "1850"]
[BlackElo "2392"]
[PlyCount "92"]
[EventDate "2004.07.05"]
[EventType "swiss"]
[EventRounds "7"]
[EventCountry "FRA"]
[SourceTitle "CBM 101 Extra"]
[Source "ChessBase"]
[SourceDate "2004.09.01"]
[SourceVersion "2"]
[SourceVersionDate "2004.09.01"]
[SourceQuality "1"]

1. d4 d6 2. c4 e5 3. dxe5 dxe5 4. Qxd8+ Kxd8 5. g3 Nc6 6. e3 Nb4 7. Na3 c6 8. Be2 f6 9. Nf3 Bh3 10. Kd2 Kc7 11. Nc2 Nh6 12. Nfe1 Ng4 13. f3 Nf2 14. Rg1 e4 15. Nxb4 Bxb4+ 16. Kc2 exf3 17. Bxf3 Rhe8 18. Nd3 Bf5 19. e4 Rxe4 20. Nxf2 Re3+ 21. Be4 Bxe4+ 22. Nxe4 Rxe4 23. Kb3 Bd6 24. Bf4 Bxf4 25. gxf4 g6 26. Rae1 Rae8 27. Rxe4 Rxe4 28. f5 g5 29. Rf1 h5 30. Rf2 c5 31. Kc3 g4 32. a3 b6 33. Kd3 Re1 34. Kd2 Re5 35. Kc3 a5 36. Kc2 a4 37. Kd3 Kd6 38. Kd2 Re4 39. Kd3 Ke5 40. Kc3 h4 41. Kc2 g3 42. hxg3 hxg3 43. Rf3 Rg4 44. Rf1 g2 45. Rg1 Ke4 46. Kd2 Kf3 0-1